Le Seigneur des Anneaux pour les pros - Statistiques

Statistiques générales
  • Ce quiz a été pris 480 fois
  • Le résultat moyen est 8 sur 24
Statistiques - réponses
Hint Réponse % Correct
La bouche de Sauron n'est qu'une version physique de son âme ? Vrai ou Faux Faux
83%
Aragorn devait affronter Sauron au départ devant la porte du Mordor? Vrai ou Faux ? Vrai
80%
Comment s'appelle le compagnon de Dame Galadriel ? Celeborn
67%
Revoit-on le père de Thorin dans le Hobbit ? Oui
65%
De qui Gimli est il le fils ? Gloin
61%
Comment s'appelle la cité jumelle de Minas Tirith ? Minas Morgul
61%
Avec Saroumane et Galadriel, qui vient en aide à Gandalf à Dol Guldur ? Elrond
59%
Radagast soigne un animal dans le hobbit. Lequel ? Hérisson
46%
Quel est le nom de l'elfe qui dirige l'aide portée au Gouffre de Helm ? Haldir
39%
Comment s'appellait-elle avant ? Minas Ithil
38%
Quel est le passage vers le Mordor ou sont emmenés Sam et Frodon ? Cirith Ungol
31%
A combien finit Legolas en terme d'Orcs tués lors de la bataille du gouffre de Helm ? 41
29%
Dans le hobbit comment s'appelle le nain qui n'entend rien ? Oin
25%
Quel est le prénom de la femme hobbit que déteste Bilbon ? Lobelia
17%
Quel est le nom du lieu ou frodon se fait transpercer par une lame de Morgul ? Amon Sûl
14%
Quel royaume se trouve derrière Erebor ? Angmar
11%
Qui est le fils de Bard ? Bain
11%
Quel est le nom de l'anneau de pouvoir donné à Gandalf ? Narya
11%
Quel est le nom de la forteresse principale de Morgoth ? Angband
10%
De qui Gandalf a-t-il peur dans la désolation de Smaug ? Beorn
6%
Qu'utilisent les nains pour contrer les volées de flèches elfiques ? Arcs lances
2%
Ou sont enterrés les Nazgûls ? Mont du Rudhaur
2%
Quel est le nom de la créature tapie dans ces lieux ? Ungolianth
2%
Dans quel lieu emblématique du Hobbit, Sam et Frodon se retrouvent-ils dans la communauté de l'année ? Camp des trolls
1%
Aucun quiz correspondant
Distribution des résultats
% des personnes avec chaque résultat
Percentile par nombre de réponses
Votre historique - résultats
Vous n’avez pas pris ce quiz